| 000 -LEADER |
| fixed length control field |
00630nam a22001577a 4500 |
| 008 - FIXED-LENGTH DATA ELEMENTS--GENERAL INFORMATION |
| fixed length control field |
231005b ||||| |||| 00| 0 eng d |
| 100 ## - MAIN ENTRY--PERSONAL NAME |
| Personal name |
Bajpai, G.S. and Pandey, Raghav |
| 245 ## - TITLE STATEMENT |
| Title |
Role of constitutional bodies in strengthening democracy |
| 260 ## - PUBLICATION, DISTRIBUTION, ETC. (IMPRINT) |
| Place of publication, distribution, etc |
Yojana |
| 300 ## - PHYSICAL DESCRIPTION |
| Extent |
67(9), Sep, 2023: p.47-48 |
| 520 ## - SUMMARY, ETC. |
| Summary, etc |
Constitutional bodies are the foundation of democracy as an Institution. Their presence has been critical factor in the resilience of Indian democracy. – Reproduced |
| 650 ## - SUBJECT ADDED ENTRY--TOPICAL TERM |
| Topical term or geographic name as entry element |
Constitutional bodies, Democracy, Institutions |
| 9 (RLIN) |
44061 |
| 773 ## - HOST ITEM ENTRY |
| Main entry heading |
Yojana |
| 906 ## - LOCAL DATA ELEMENT F, LDF (RLIN) |
| Subject DIP |
DEMOCRACY |
| 942 ## - ADDED ENTRY ELEMENTS (KOHA) |
| Item type |
Articles |